[Event "Ann Arbor (MI Op/5)"]
[Site "?"]
[Date "1983.??.??"]
[Round "?"]
[White "Youssef, I.."]
[Black "Thurman, John"]
[Result "1-0"]
[WhiteElo "2025"]
[BlackElo "1685"]
[PlyCount "59"]
[EventDate "1983.??.??"]

1. c4 c5 2. Nc3 Nf6 3. g3 Nc6 4. Bg2 g6 5. Nf3 d5 6. cxd5 Nxd5 7. O-O Bg7 8.
Re1 Nxc3 9. bxc3 O-O 10. Rb1 Qc7 11. Qc2 e5 12. e4 Rd8 13. Bb2 Be6 14. a4 h6
15. Ba1 Na5 16. d3 c4 17. d4 Nb3 18. Red1 Qa5 19. Nxe5 Bxe5 20. dxe5 Qxe5 21.
f4 Qa5 22. Bb2 Qxa4 23. f5 Bd7 24. fxg6 fxg6 25. Rd6 Be8 26. e5 Rxd6 27. exd6
Nc5 28. Qf2 Nd3 29. Bd5+ Kh7 30. Qf8 1-0

[Event "Ann Arbor (MI Op/6)"]
[Site "?"]
[Date "1983.??.??"]
[Round "?"]
[White "Youssef, I.."]
[Black "Rogan, M.."]
[Result "1/2-1/2"]
[WhiteElo "2025"]
[BlackElo "2135"]
[PlyCount "70"]
[EventDate "1983.??.??"]

1. c4 Nf6 2. Nc3 g6 3. g3 c5 4. Bg2 Nc6 5. Nf3 Bg7 6. O-O O-O 7. d4 cxd4 8.
Nxd4 Nxd4 9. Qxd4 d6 10. Qd3 a5 11. Rb1 Nd7 12. e4 Nc5 13. Qe2 Bd7 14. Be3 Bc6
15. Rfd1 b6 16. Bd4 Qc8 17. Bxg7 Kxg7 18. e5 Bxg2 19. Kxg2 Qc6+ 20. Kg1 dxe5
21. Qxe5+ Qf6 22. Qxf6+ exf6 23. Rd6 Rab8 24. b4 Ne6 25. Nd5 b5 26. cxb5 Rxb5
27. a4 Rb7 28. b5 Rc8 29. Ra6 Rd8 30. Ne3 Rd4 31. Rxa5 Nc5 32. Nc2 Rxa4 33.
Rxa4 Nxa4 34. Na3 Kf8 35. Rb4 Nb6 1/2-1/2

[Event "Ann Arbor (MI Op/1)"]
[Site "?"]
[Date "1983.??.??"]
[Round "?"]
[White "Youssef, I.."]
[Black "Rawley, L.."]
[Result "0-1"]
[WhiteElo "2025"]
[BlackElo "2200"]
[PlyCount "110"]
[EventDate "1983.??.??"]

1. c4 e5 2. Nc3 d6 3. g3 Be6 4. Bg2 c6 5. d3 Nd7 6. e4 Be7 7. Nge2 g6 8. O-O f5
9. Bh3 Ngf6 10. f4 Qb6+ 11. Kg2 Ng4 12. Bxg4 fxg4 13. f5 Bf7 14. Rb1 h5 15. b4
gxf5 16. Rxf5 Be6 17. Rf1 h4 18. b5 Qd8 19. Be3 Bg5 20. Qc1 Bxe3 21. Qxe3 hxg3
22. hxg3 Qe7 23. Rh1 Rh3 24. Rbf1 Nc5 25. d4 exd4 26. Qxd4 O-O-O 27. Nf4 Rxh1
28. Rxh1 Bd7 29. bxc6 bxc6 30. Rh8 Qe5 31. Rxd8+ Kxd8 32. Qxe5 dxe5 33. Ng6 Nd3
34. Nd1 Be6 35. Nf2 Ne1+ 36. Kh1 Nf3 37. Nd3 Bxc4 38. Ngxe5 Nxe5 39. Nxe5 Bxa2
40. Nxc6+ Kc7 41. Nd4 Kd6 42. Kg1 Kc5 43. Ne2 Bc4 44. Nc1 Kd4 45. Kf2 Kxe4 46.
Ke1 Ke3 47. Ne2 Kf3 48. Nd4+ Kxg3 49. Nc2 Kf4 50. Kd2 g3 51. Ne1 Bf1 52. Kd1
Ke3 53. Nc2+ Kf2 54. Ne1 Be2+ 55. Kd2 a6 0-1

[Event "Ann Arbor (MI Op/3)"]
[Site "?"]
[Date "1983.??.??"]
[Round "?"]
[White "Youssef, I.."]
[Black "Prusaitis, William"]
[Result "1-0"]
[WhiteElo "2025"]
[BlackElo "1845"]
[PlyCount "117"]
[EventDate "1983.??.??"]

1. c4 Nf6 2. Nc3 e6 3. g3 d5 4. cxd5 exd5 5. d4 c6 6. Bg2 Bg4 7. a3 Be7 8. Nf3
O-O 9. O-O Bf5 10. Re1 Ne4 11. Bf4 Nd7 12. Nd2 Nxd2 13. Qxd2 Nf6 14. f3 Nh5 15.
Be3 Nf6 16. Bf2 Re8 17. e4 Be6 18. e5 Nd7 19. f4 Nf8 20. Be3 Qd7 21. Qf2 Bf5
22. Bf3 Bd8 23. Kh1 g6 24. Rg1 h5 25. Qe2 Bg4 26. Nd1 Bxf3+ 27. Qxf3 Qg4 28.
Qg2 h4 29. Nf2 Qe2 30. Rae1 Qxb2 31. g4 Qxa3 32. g5 Qb2 33. Qh3 Ne6 34. Ng4 Ng7
35. Nf6+ Bxf6 36. gxf6 Nh5 37. Qxh4 Kh8 38. Rg5 Qc2 39. f5 Qe4+ 40. Qxe4 dxe4
41. fxg6 fxg6 42. Rxg6 Nxf6 43. exf6 Rad8 44. Reg1 Rd7 45. Rh6+ Rh7 46. Rxh7+
Kxh7 47. Rg7+ Kh8 48. Rxb7 Rf8 49. f7 Kg7 50. Rxa7 Kg6 51. Bf4 Kg7 52. Bd6 Rxf7
53. Rxf7+ Kxf7 54. Kg2 Ke6 55. Bf4 Kf5 56. Be3 Kg4 57. h3+ Kh4 58. Bf2+ Kg5 59.
Kg3 1-0

[Event "Ann Arbor (MI Op/5)"]
[Site "?"]
[Date "1983.??.??"]
[Round "?"]
[White "Wygrecki, J.."]
[Black "Unsino, S.."]
[Result "0-1"]
[WhiteElo "2020"]
[BlackElo "1605"]
[PlyCount "98"]
[EventDate "1983.??.??"]

1. e4 e5 2. f4 exf4 3. Nf3 d5 4. exd5 Nf6 5. Bc4 Nxd5 6. O-O Be6 7. Qe2 Be7 8.
d4 O-O 9. c3 Re8 10. Re1 c5 11. Kh1 Nc6 12. Bb5 Bg4 13. Qf2 Bxf3 14. gxf3 Qb6
15. Ba4 cxd4 16. cxd4 Bf6 17. Rd1 Bxd4 18. Qd2 Ne3 19. Bxc6 Nxd1 20. Bxe8 Nf2+
21. Kg2 Rxe8 22. Nc3 Qg6+ 23. Kf1 Qd3+ 24. Qxd3 Nxd3 25. Ne2 Rc8 26. Bxf4 Bxb2
27. Rb1 Nxf4 28. Rxb2 Nxe2 29. Kxe2 b6 30. Rd2 Kf8 31. Ke3 Ke7 32. Ke4 Ke6 33.
Kf4 Rc1 34. Ke4 g5 35. Ke3 f5 36. Kd4 Rg1 37. Rf2 h5 38. Kc4 g4 39. Kb5 h4 40.
f4 g3 41. Re2+ Kf6 42. hxg3 hxg3 43. Ka6 Rf1 44. Kxa7 Rxf4 45. Kxb6 Rf2 46. Re1
Rxa2 47. Kc5 Rf2 48. Kd4 g2 49. Rg1 f4 0-1

[Event "Ann Arbor (MI Op/1)"]
[Site "?"]
[Date "1983.??.??"]
[Round "?"]
[White "Wygrecki, J.."]
[Black "Fuller, William"]
[Result "0-1"]
[WhiteElo "2020"]
[BlackElo "1815"]
[PlyCount "80"]
[EventDate "1983.??.??"]

1. e4 c5 2. Nf3 Nc6 3. d4 cxd4 4. Nxd4 Nf6 5. Nc3 e5 6. Nb3 Be7 7. Be2 a5 8.
Be3 O-O 9. O-O d6 10. f4 a4 11. Nd2 a3 12. b3 exf4 13. Rxf4 d5 14. exd5 Nxd5
15. Nxd5 Qxd5 16. Bd3 Bc5 17. Nc4 Bxe3+ 18. Nxe3 Qc5 19. Qd2 Re8 20. Re1 Be6
21. Kh1 Rad8 22. Ng4 Qg5 23. Nf2 Bd5 24. Rxe8+ Rxe8 25. Ne4 Qe5 26. Nc3 Nb4 27.
Nxd5 Nxd3 28. Rf1 Ne1 29. Kg1 Nxc2 30. Nf6+ gxf6 31. Qxc2 Qe3+ 32. Kh1 Qe2 33.
Qf5 Re6 34. h3 Qxa2 35. Rd1 Qe2 36. Rd8+ Kg7 37. Ra8 Ra6 38. Rxa6 bxa6 39. Qc8
a2 40. Qc1 Qe5 0-1

[Event "Ann Arbor (MI Op/6)"]
[Site "?"]
[Date "1983.??.??"]
[Round "?"]
[White "Wygrecki, J.."]
[Black "Almquist, W.."]
[Result "0-1"]
[WhiteElo "2020"]
[BlackElo "1605"]
[PlyCount "72"]
[EventDate "1983.??.??"]

1. e4 c5 2. Nf3 d6 3. d4 cxd4 4. Nxd4 Nf6 5. Nc3 a6 6. a4 e6 7. Be2 Qc7 8. O-O
Nc6 9. Be3 Be7 10. Nb3 b6 11. f4 Nb4 12. Bf3 Bb7 13. Nd2 O-O 14. Rc1 Rad8 15.
g4 d5 16. e5 d4 17. exf6 Bxf6 18. Nd5 Nxd5 19. Bf2 Ne3 20. Qe2 Nxf1 21. Kxf1
Bxf3 22. Qxf3 g6 23. Ne4 Qc4+ 24. Kg1 Bh8 25. g5 f5 26. gxf6 Bxf6 27. Nxf6+
Rxf6 28. Bh4 g5 29. Bxg5 Rg6 30. Kh1 Qd5 31. Rf1 Qxf3+ 32. Rxf3 Rc8 33. Rf2 Rc4
34. b3 Rc3 35. h4 d3 36. Rd2 Rxg5 0-1

[Event "East Detroit (MCO/6)"]
[Site "?"]
[Date "1983.??.??"]
[Round "?"]
[White "Wright, Walter"]
[Black "Massengale, J.."]
[Result "1-0"]
[WhiteElo "1605"]
[BlackElo "1720"]
[PlyCount "109"]
[EventDate "1983.??.??"]

1. d4 Nf6 2. c4 e6 3. Nc3 Be7 4. Nf3 d5 5. c5 O-O 6. e3 b6 7. b4 a6 8. Bd3 b5
9. h4 Re8 10. Ne5 Bb7 11. g4 Ne4 12. Bxe4 dxe4 13. g5 Nc6 14. Nxc6 Bxc6 15. Qg4
f5 16. gxf6 Bxf6 17. Rg1 e5 18. d5 Bxd5 19. Nxd5 Qxd5 20. h5 Re7 21. h6 Rf7 22.
Qd1 Qxd1+ 23. Kxd1 g6 24. Bb2 Bh8 25. Ke2 Raf8 26. Raf1 Rf5 27. Rg4 Rh5 28.
Rxe4 Re8 29. Rd1 Rxh6 30. Rd7 g5 31. Rxc7 Rg6 32. Rd7 g4 33. c6 Bf6 34. c7 Rc8
35. Bxe5 Rg7 36. Rxg7+ Kxg7 37. Rxg4+ Kf7 38. Rf4 Ke6 39. Bxf6 Rxc7 40. Bd4
Rc2+ 41. Kf3 Rxa2 42. Bb6 Rd2 43. Rh4 Rd7 44. Bc5 Kd5 45. Rd4+ Kc6 46. Rxd7
Kxd7 47. Kg4 Kc6 48. Bd4 Kd5 49. f4 Kc4 50. f5 Kxb4 51. f6 a5 52. f7 Kb3 53.
f8=Q b4 54. Qf7+ Ka3 55. Qf2 1-0

[Event "East Detroit (MCO/2)"]
[Site "?"]
[Date "1983.??.??"]
[Round "?"]
[White "Wright, Walter"]
[Black "Dangremond, Leonard"]
[Result "0-1"]
[WhiteElo "1605"]
[BlackElo "1935"]
[PlyCount "120"]
[EventDate "1983.??.??"]

1. d4 Nf6 2. c4 g6 3. Nc3 Bg7 4. e3 O-O 5. Nf3 d6 6. Be2 Nbd7 7. Ng5 e5 8. d5
a5 9. h4 Nc5 10. h5 h6 11. Nh3 g5 12. f3 Nxh5 13. e4 Ng3 14. Rh2 f5 15. Qc2 Qf6
16. Nf2 Nxe2 17. Kxe2 g4 18. Bxh6 g3 19. Bxg7 Qxg7 20. Rh4 gxf2 21. Kxf2 f4 22.
Rah1 Bd7 23. Rh8+ Qxh8 24. Rxh8+ Kxh8 25. b3 Rf7 26. Qb1 Rg7 27. Qh1+ Rh7 28.
Qg1 Rg8 29. Kf1 Rxg2 30. Kxg2 Rg7+ 31. Kh2 Rh7+ 32. Kg2 Rg7+ 33. Kh2 Rxg1 34.
Kxg1 Kg7 35. Nb1 Kf6 36. Nd2 b5 37. Kg2 b4 38. Kh2 a4 39. Kg2 axb3 40. axb3
Nxb3 41. Nxb3 Ba4 42. Nd2 b3 43. Kf2 b2 44. Ke2 Bc2 45. Ke1 b1=Q+ 46. Nxb1 Bxb1
47. Kd2 Kg5 48. Kc3 Bxe4 49. fxe4 f3 50. Kd2 Kf4 51. Kd3 f2 52. Ke2 Kxe4 53.
Kxf2 Kd4 54. Kf3 Kxc4 55. Ke4 Kc5 56. Kd3 Kxd5 57. Ke3 e4 58. Ke2 Kd4 59. Kd2
e3+ 60. Ke2 c5 0-1

[Event "Ann Arbor (MI Op/4)"]
[Site "?"]
[Date "1983.??.??"]
[Round "?"]
[White "Wolfrom, David"]
[Black "Turner, George"]
[Result "1-0"]
[WhiteElo "2115"]
[BlackElo "2080"]
[PlyCount "187"]
[EventDate "1983.??.??"]

1. d4 Nf6 2. c4 g6 3. Nc3 Bg7 4. e4 d6 5. Be2 O-O 6. Bg5 c6 7. Qd2 e5 8. d5
cxd5 9. cxd5 a6 10. Nf3 b5 11. a3 Nbd7 12. O-O Nc5 13. Qc2 Bg4 14. h3 Bxf3 15.
Bxf3 Rc8 16. Qd1 Qb6 17. Be3 Qb7 18. b4 Ncd7 19. Qb3 Nb6 20. Bxb6 Qxb6 21. Rfc1
Rc7 22. Ne2 Bh6 23. Rxc7 Qxc7 24. Ra2 Rc8 25. a4 Qc4 26. Qxc4 Rxc4 27. axb5
axb5 28. Ra8+ Bf8 29. Rb8 Nxe4 30. Rxb5 Nd2 31. Ng3 Nxf3+ 32. gxf3 f5 33. Kg2
Kf7 34. Rb7+ Kf6 35. Rxh7 Rxb4 36. Ra7 Rb5 37. Ne2 Rxd5 38. Nc3 Rc5 39. Ne2 g5
40. Ra6 Ke6 41. Kf1 Bg7 42. Ng3 Bf6 43. Kg2 Rc2 44. Kf1 f4 45. Ne4 Be7 46. Kg2
Kd7 47. Ra7+ Rc7 48. Ra2 d5 49. Nd2 Bb4 50. Nf1 d4 51. Ra1 Kc6 52. Rd1 Kd5 53.
Nh2 Rc2 54. Ng4 Be7 55. Kf1 Bd6 56. Nf6+ Kc4 57. Ne4 Be7 58. Kg2 d3 59. Kg1 Kd4
60. Kg2 Re2 61. Nd2 Bb4 62. Nb3+ Kc3 63. Nc1 Kc2 64. Nxd3 Bd6 65. Nb2 Bc5 66.
Rc1+ Kxc1 67. Nd3+ Kd1 68. Nxc5 Rc2 69. Nd3 Re2 70. Nc5 Rb2 71. Kf1 Rb6 72. Nd3
Re6 73. Nc5 Rh6 74. Kg2 Ke2 75. Ne4 Rg6 76. Nc3+ Kd3 77. Ne4 g4 78. hxg4 Rc6
79. Kh3 Ke2 80. Kg2 Rc1 81. Ng5 Rf1 82. Ne4 Ke1 83. g5 Ke2 84. g6 Ra1 85. g7
Ra8 86. Nf6 e4 87. fxe4 f3+ 88. Kg1 Ra1+ 89. Kh2 Ra8 90. Kg3 Ra1 91. Kf4 Ra8
92. g8=Q Rxg8 93. Nxg8 Kxf2 94. Nf6 1-0

[Event "Ann Arbor (MI Op/7)"]
[Site "?"]
[Date "1983.??.??"]
[Round "?"]
[White "Wolfrom, David"]
[Black "Gregor, P.."]
[Result "1-0"]
[WhiteElo "2115"]
[BlackElo "2220"]
[PlyCount "61"]
[EventDate "1983.??.??"]

1. d4 Nf6 2. c4 g6 3. Nc3 Bg7 4. e4 d6 5. Be2 O-O 6. Bg5 c5 7. d5 b5 8. cxb5 a6
9. a4 Qa5 10. Bd2 Qb4 11. Qc2 axb5 12. Bxb5 Ba6 13. f3 Bxb5 14. Nxb5 Qxb5 15.
axb5 Rxa1+ 16. Bc1 Nbd7 17. Ne2 Rb8 18. Nc3 Ne8 19. O-O Bd4+ 20. Kh1 Nc7 21.
Qe2 Bxc3 22. bxc3 Rxb5 23. Be3 Ra3 24. Bg5 f6 25. Bh6 Rxc3 26. f4 c4 27. h4 Nf8
28. Qg4 Ne8 29. Qc8 Ng7 30. Ra1 Rc5 31. Qd8 1-0

[Event "Ann Arbor (MI Op/2)"]
[Site "?"]
[Date "1983.??.??"]
[Round "?"]
[White "Wolfrom, David"]
[Black "Fuller, William"]
[Result "1-0"]
[WhiteElo "2115"]
[BlackElo "1815"]
[PlyCount "115"]
[EventDate "1983.??.??"]

1. d4 Nf6 2. c4 e6 3. Nc3 Bb4 4. Qc2 c5 5. dxc5 Nc6 6. Nf3 O-O 7. a3 Bxc3+ 8.
Qxc3 Ne4 9. Qc2 f5 10. b4 b6 11. cxb6 axb6 12. Bb2 Bb7 13. g3 Qe7 14. Qb3 Rac8
15. Bg2 d6 16. O-O Nd8 17. a4 d5 18. cxd5 Bxd5 19. Qa3 Nb7 20. Rfd1 Nbd6 21. b5
Qb7 22. Rac1 Nc4 23. Qb4 Nxb2 24. Qxb2 Nc5 25. Qb4 Qa7 26. Ne5 Bxg2 27. Kxg2
Qxa4 28. Qxa4 Nxa4 29. Rc6 Nc3 30. Rc1 Rxc6 31. bxc6 Nd5 32. Ra1 Rc8 33. Rb1
Kf8 34. f3 Ke7 35. e4 fxe4 36. fxe4 Nc3 37. Rxb6 Nxe4 38. Nc4 Nd6 39. Ne5 Rc7
40. Kf3 g6 41. g4 Ne8 42. g5 Kd6 43. Kf4 Re7 44. Ke4 Nc7 45. Kd4 Nd5 46. Ra6
Nb4 47. Nc4+ Kc7 48. Ra7+ Kd8 49. Ra8+ Kc7 50. Ra7+ Kd8 51. Rxe7 Nxc6+ 52. Kc5
Nxe7 53. Kd6 Nf5+ 54. Kxe6 Ke8 55. Nd6+ Nxd6 56. Kxd6 Kf7 57. Kd7 h6 58. h4 1-0

[Event "East Detroit (MCO/6)"]
[Site "?"]
[Date "1983.??.??"]
[Round "?"]
[White "Wolf, R.."]
[Black "Williams, Ron"]
[Result "1-0"]
[WhiteElo "1700"]
[BlackElo "1605"]
[PlyCount "119"]
[EventDate "1983.??.??"]

1. d4 Nf6 2. Nf3 d5 3. c4 e6 4. Nc3 Bb4 5. Bg5 h6 6. Bh4 c6 7. e3 Nbd7 8. Bd3
Qa5 9. Qb3 Ne4 10. Rc1 Nb6 11. O-O Bxc3 12. bxc3 dxc4 13. Bxc4 Nd5 14. Bxd5
exd5 15. h3 b5 16. Rfd1 Qc7 17. Ne5 f6 18. Nd3 g5 19. f3 Ng3 20. Bxg3 Qxg3 21.
Nf2 Qd6 22. e4 O-O 23. exd5 Qxd5 24. Re1 Bf5 25. Re7 Qxb3 26. axb3 a5 27. Ng4
Bxg4 28. hxg4 Rf7 29. Re6 a4 30. bxa4 bxa4 31. Rxc6 Kg7 32. Ra1 Re7 33. Ra3 Kf7
34. Rc4 Rea7 35. Rb4 Ra6 36. Kf2 Ke6 37. Ke3 Kd6 38. c4 Kc6 39. Ke4 Kd6 40. Kd3
Ke6 41. Ke4 R8a7 42. d5+ Kd6 43. Kd4 Ra5 44. c5+ Kd7 45. Kc4 Kc7 46. Rb5 R5a6
47. Kb4 Kd7 48. Rb6 Rxb6+ 49. cxb6 Rb7 50. Kb5 Kd6 51. Rxa4 Kxd5 52. Ra7 Rb8
53. b7 Kd4 54. Kc6 Ke3 55. Ra8 Rxb7 56. Kxb7 Kf2 57. Ra2+ Kg3 58. Kc6 Kf4 59.
Kd5 Ke3 60. Ke6 1-0

[Event "East Detroit (MCO/4)"]
[Site "?"]
[Date "1983.??.??"]
[Round "?"]
[White "Wolf, R.."]
[Black "Smith, Michael R"]
[Result "1/2-1/2"]
[WhiteElo "1700"]
[BlackElo "1970"]
[PlyCount "96"]
[EventDate "1983.??.??"]

1. d4 e6 2. c4 Nf6 3. Nc3 Bb4 4. Nf3 O-O 5. Bg5 h6 6. Bh4 d5 7. e3 c6 8. Bd3
Nbd7 9. a3 Bxc3+ 10. bxc3 Qa5 11. Qc2 dxc4 12. Bxc4 Nd5 13. O-O Qxc3 14. Qxc3
Nxc3 15. Bd3 Nd5 16. Rfc1 Re8 17. Bg3 N7f6 18. e4 Nb6 19. a4 Bd7 20. a5 Nc8 21.
Ne5 Ne7 22. Rab1 Bc8 23. Nc4 Rd8 24. Bd6 Rd7 25. f3 Ne8 26. Bc5 Ng6 27. Bf1 Rd8
28. g3 Nc7 29. Nd6 Nb5 30. Nxb5 cxb5 31. Rxb5 Nf8 32. Bg2 Nd7 33. Be7 Re8 34.
Bd6 b6 35. axb6 axb6 36. e5 Ba6 37. Rbb1 Rac8 38. f4 Rxc1+ 39. Rxc1 Rc8 40.
Rxc8+ Bxc8 41. Bc6 Nf8 42. Bc7 Nd7 43. g4 Kf8 44. f5 Kg8 45. Kf2 Kf8 46. Ke3
Kg8 47. Kf4 g5+ 48. Ke4 Kg7 1/2-1/2

[Event "East Detroit (MCO/2)"]
[Site "?"]
[Date "1983.??.??"]
[Round "?"]
[White "Wolf, R.."]
[Black "Lehotzky, Attila"]
[Result "1-0"]
[WhiteElo "1700"]
[BlackElo "2070"]
[PlyCount "76"]
[EventDate "1983.??.??"]

1. d4 Nf6 2. Nf3 e6 3. c4 d5 4. Nc3 Bb4 5. Bg5 dxc4 6. e3 h6 7. Bh4 g5 8. Bg3
Ne4 9. Qc2 Bxc3+ 10. bxc3 Nxg3 11. hxg3 Nc6 12. Bxc4 b6 13. Bb5 Bd7 14. Qe4 f5
15. Qd3 g4 16. Nh4 Ne7 17. Bc4 c6 18. e4 Qc7 19. a4 O-O-O 20. e5 Kb8 21. O-O
Bc8 22. Rfb1 Ka8 23. Ra2 Nd5 24. Bxd5 Rxd5 25. c4 Rd7 26. a5 bxa5 27. Rab2 Ba6
28. Ng6 Rhd8 29. Nf4 Re7 30. Qc3 h5 31. Nd3 Bc8 32. Nc5 a6 33. Rb6 Qa7 34. Qb2
Bb7 35. Nxb7 Rb8 36. Nxa5 Rxb6 37. Qxb6 Rf7 38. Nxc6 Qb7 1-0

[Event "East Detroit (MCO/5)"]
[Site "?"]
[Date "1983.??.??"]
[Round "?"]
[White "Winfield, J.."]
[Black "Nolan, Michael"]
[Result "1/2-1/2"]
[WhiteElo "1710"]
[BlackElo "1605"]
[PlyCount "34"]
[EventDate "1983.??.??"]

1. e4 Nf6 2. Nc3 d5 3. exd5 Nxd5 4. Be2 Nxc3 5. bxc3 c5 6. Nf3 Nc6 7. O-O e5 8.
Re1 Bd6 9. Bb5 Qc7 10. d4 O-O 11. Bxc6 Qxc6 12. Nxe5 Qc7 13. Re4 Bf5 14. Re2
Rad8 15. Bd2 Rfe8 16. Qe1 Bxe5 17. dxe5 Bxc2 1/2-1/2

[Event "East Detroit (MCO/2)"]
[Site "?"]
[Date "1983.??.??"]
[Round "?"]
[White "Winfield, J.."]
[Black "Bohley, D.."]
[Result "1/2-1/2"]
[WhiteElo "1710"]
[BlackElo "2015"]
[PlyCount "50"]
[EventDate "1983.??.??"]

1. e4 Nc6 2. d4 d5 3. e5 Bf5 4. c3 e6 5. Nf3 Qd7 6. Bb5 a6 7. Ba4 b5 8. Bb3 Na5
9. Nh4 Nxb3 10. axb3 Bxb1 11. Rxb1 c5 12. O-O Ne7 13. dxc5 Nc6 14. b4 Nxe5 15.
f4 Nc6 16. Qe2 Be7 17. Nf3 Bf6 18. Be3 O-O 19. Bd4 Bxd4+ 20. Nxd4 Nxd4 21. cxd4
a5 22. bxa5 Rxa5 23. b4 Ra4 24. Rf3 Rfa8 25. Rfb3 Qc6 1/2-1/2

[Event "East Detroit (MCO/2)"]
[Site "?"]
[Date "1983.??.??"]
[Round "?"]
[White "Wilson, R.."]
[Black "Kellogg, S.."]
[Result "1-0"]
[WhiteElo "1625"]
[BlackElo "1605"]
[PlyCount "43"]
[EventDate "1983.??.??"]

1. e4 d6 2. d4 g6 3. Nc3 Bg7 4. f4 Nf6 5. Nf3 O-O 6. Be3 a6 7. Qd2 Re8 8. O-O-O
b5 9. Bd3 Bb7 10. e5 Ng4 11. Bg1 Nc6 12. h3 Nh6 13. Be3 e6 14. g4 Na5 15. Rdf1
Nc4 16. Bxc4 bxc4 17. f5 dxe5 18. Bxh6 exd4 19. Bxg7 Kxg7 20. f6+ Kxf6 21. Ne5+
Kxe5 22. Qf4# 1-0

[Event "East Detroit (MCO/4)"]
[Site "?"]
[Date "1983.??.??"]
[Round "?"]
[White "Wilson, R.."]
[Black "Kebrdle, M.."]
[Result "0-1"]
[WhiteElo "1625"]
[BlackElo "1930"]
[PlyCount "80"]
[EventDate "1983.??.??"]

1. e4 c6 2. d4 d5 3. Nc3 dxe4 4. Nxe4 Nf6 5. Nxf6+ gxf6 6. Bf4 Bf5 7. Nf3 e6 8.
Qd2 Bd6 9. Bxd6 Qxd6 10. Nh4 Bg6 11. Nxg6 hxg6 12. g3 Nd7 13. O-O-O O-O-O 14.
Bg2 Nb6 15. Qd3 e5 16. Qb3 Qc7 17. d5 cxd5 18. Bxd5 Nxd5 19. Rxd5 Rxd5 20. Qxd5
Rd8 21. Qb3 Qd6 22. Qc3+ Kb8 23. Re1 Qd5 24. b3 Qg2 25. Re2 Qxh2 26. Qf3 Qh6+
27. Kb2 Qg7 28. Qc3 Qf8 29. f4 Rc8 30. Qe3 Qc5 31. fxe5 Qxe3 32. Rxe3 Re8 33.
Rd3 fxe5 34. Rd7 f5 35. Rd6 e4 36. Rd2 a5 37. Kc1 Kc7 38. Kd1 Rd8 39. Rxd8 Kxd8
40. Ke2 f4 0-1

[Event "East Detroit (MCO/5)"]
[Site "?"]
[Date "1983.??.??"]
[Round "?"]
[White "Wilson, R.."]
[Black "Decker, Dale"]
[Result "0-1"]
[WhiteElo "1625"]
[BlackElo "1835"]
[PlyCount "54"]
[EventDate "1983.??.??"]

1. e4 d6 2. d4 Nf6 3. Nc3 g6 4. f4 Bg7 5. Nf3 O-O 6. Bd3 c5 7. dxc5 dxc5 8. Be3
Qa5 9. Bd2 Qb6 10. e5 Ne8 11. Nd5 Qd8 12. Be4 f5 13. exf6 Nxf6 14. Nxf6+ exf6
15. Be3 Qe7 16. Qd5+ Be6 17. Qxb7 Nd7 18. Qa6 Bf7 19. Qd3 c4 20. Qd4 f5 21. Ne5
Nxe5 22. fxe5 fxe4 23. Qxe4 Bxe5 24. Ke2 Rae8 25. Rhf1 Qc7 26. Qh4 c3 27. Rf3
cxb2 0-1

[Event "East Detroit (MCO/4)"]
[Site "?"]
[Date "1983.??.??"]
[Round "?"]
[White "Williams, Ron"]
[Black "Winfield, J.."]
[Result "1-0"]
[WhiteElo "1605"]
[BlackElo "1710"]
[PlyCount "86"]
[EventDate "1983.??.??"]

1. e4 e5 2. Nf3 d6 3. Bc4 Be7 4. Nc3 Nf6 5. d3 Bg4 6. h3 Bh5 7. Be3 Nc6 8. a3
Qd7 9. Qd2 Bxf3 10. gxf3 a6 11. O-O-O Nd4 12. f4 b5 13. Ba2 Rb8 14. Bxd4 exd4
15. Nd5 Nxd5 16. Bxd5 c6 17. Ba2 d5 18. exd5 cxd5 19. Rde1 O-O 20. Re5 b4 21.
Rxd5 Qb7 22. a4 Rfc8 23. Bb3 Rc5 24. Re1 Rxd5 25. Bxd5 Qxd5 26. Rxe7 Qa2 27.
Qxb4 Rf8 28. Qxd4 Qa1+ 29. Kd2 Qf1 30. Qe3 h5 31. Re8 h4 32. Rxf8+ Kxf8 33. d4
f6 34. b3 g5 35. fxg5 fxg5 36. d5 Qg2 37. d6 Qd5+ 38. Ke2 Qxd6 39. Qxg5 Qe6+
40. Qe3 Qg6 41. c4 Qc2+ 42. Kf3 Qd1+ 43. Kg2 Qh5 1-0

[Event "East Detroit (MCO/2)"]
[Site "?"]
[Date "1983.??.??"]
[Round "?"]
[White "Williams, Ron"]
[Black "Krevinko, S.."]
[Result "0-1"]
[WhiteElo "1605"]
[BlackElo "1885"]
[PlyCount "106"]
[EventDate "1983.??.??"]

1. e4 e6 2. d4 d5 3. exd5 exd5 4. Nf3 Nf6 5. Be2 Bd6 6. Bg5 O-O 7. Nbd2 Re8 8.
O-O h6 9. Bh4 Bf5 10. c3 Nbd7 11. Re1 c6 12. c4 Qc7 13. c5 Bf4 14. Bg3 Ne4 15.
Bxf4 Qxf4 16. g3 Qc7 17. Bd3 Nxg3 18. hxg3 Bxd3 19. Qb3 Ba6 20. Re3 Nf6 21.
Rae1 Qd7 22. Kg2 Ng4 23. Rxe8+ Rxe8 24. Qd1 f5 25. Nh2 Rxe1 26. Qxe1 Qf7 27.
Ndf3 Nxh2 28. Kxh2 f4 29. Ne5 fxg3+ 30. fxg3 Qf5 31. Kg2 Bd3 32. g4 Qe4+ 33.
Qxe4 dxe4 34. Kf2 Kf8 35. Ke3 Ke7 36. a4 a5 37. Nxd3 exd3 38. Kxd3 g6 39. Ke4
Ke6 40. b3 h5 41. Kf4 h4 42. g5 Kd5 43. Kg4 Kxd4 44. Kxh4 Kxc5 45. Kg3 Kb4 46.
Kf4 Kxb3 47. Ke5 c5 48. Kf6 c4 49. Kxg6 c3 50. Kf7 c2 51. g6 c1=Q 52. g7 Qc7+
53. Kf6 Qxg7+ 0-1

[Event "East Detroit (MCO/6)"]
[Site "?"]
[Date "1983.??.??"]
[Round "?"]
[White "Williams, N.."]
[Black "Thomas, Carlton"]
[Result "1-0"]
[WhiteElo "1670"]
[BlackElo "1965"]
[PlyCount "81"]
[EventDate "1983.??.??"]

1. e4 e6 2. c4 d5 3. exd5 exd5 4. d4 Nf6 5. Nc3 Be7 6. Nf3 O-O 7. Be2 dxc4 8.
O-O Bg4 9. d5 Nbd7 10. Bxc4 Ne5 11. Be2 Ng6 12. Nd4 Bxe2 13. Ndxe2 Qd6 14. Qb3
Ng4 15. f4 Qc5+ 16. Kh1 Nf2+ 17. Kg1 Ng4+ 18. Kh1 Bf6 19. Ne4 Qe7 20. Nxf6+
Qxf6 21. Qh3 Rae8 22. Qxg4 Qa6 23. Ng3 f5 24. Qd1 Nh4 25. Bd2 Qg6 26. Qb3 Re2
27. Bb4 Rfe8 28. Rae1 h5 29. Rxe2 Rxe2 30. d6+ Kh7 31. dxc7 Qc6 32. Rf3 Rxg2
33. Qc3 Nxf3 34. Kxg2 Nh4+ 35. Kf2 Qg2+ 36. Ke1 Qg1+ 37. Ke2 Qxh2+ 38. Kd1 Qg1+
39. Kc2 Qg2+ 40. Kb1 Qg1+ 41. Qe1 1-0

[Event "East Detroit (MCO/5)"]
[Site "?"]
[Date "1983.??.??"]
[Round "?"]
[White "Williams, N.."]
[Black "Griffin, John"]
[Result "1-0"]
[WhiteElo "1670"]
[BlackElo "1605"]
[PlyCount "45"]
[EventDate "1983.??.??"]

1. e4 c5 2. Nc3 Nc6 3. f4 e6 4. Nf3 Nge7 5. Bb5 Nd4 6. O-O a6 7. Be2 g6 8. f5
Nxe2+ 9. Qxe2 Bg7 10. fxe6 dxe6 11. d3 O-O 12. e5 Qc7 13. Ne4 b6 14. Nf6+ Kh8
15. Ng5 Bb7 16. Nfxh7 Qxe5 17. Qxe5 Bxe5 18. Nxf8 Rxf8 19. Nxf7+ Rxf7 20. Rxf7
Bd6 21. Bg5 Kg8 22. Rxe7 Bxe7 23. Bxe7 1-0

[Event "East Detroit (MCO/6)"]
[Site "?"]
[Date "1983.??.??"]
[Round "?"]
[White "Williams, Claude"]
[Black "Pope, T.."]
[Result "0-1"]
[WhiteElo "1605"]
[BlackElo "1620"]
[PlyCount "42"]
[EventDate "1983.??.??"]

1. e4 c5 2. Nc3 Nc6 3. f4 e6 4. Nf3 d5 5. d4 cxd4 6. Nxd4 dxe4 7. Bb5 Bd7 8.
Be3 Nxd4 9. Bxd7+ Qxd7 10. Bxd4 Ne7 11. Qd2 Nc6 12. Ne2 Nxd4 13. Nxd4 Bc5 14.
c3 O-O 15. O-O Rfd8 16. Qe2 Bxd4+ 17. cxd4 Qxd4+ 18. Kh1 Qd3 19. Qg4 Rac8 20.
Rad1 Qc2 21. Rc1 Qxc1 0-1

[Event "East Detroit (MCO/1)"]
[Site "?"]
[Date "1983.??.??"]
[Round "?"]
[White "Williams, Claude"]
[Black "Massengale, J.."]
[Result "1-0"]
[WhiteElo "1605"]
[BlackElo "1720"]
[PlyCount "79"]
[EventDate "1983.??.??"]

1. e4 c5 2. Nc3 d6 3. f4 a6 4. Nf3 Nc6 5. d4 Bg4 6. Be2 Bxf3 7. Bxf3 Nxd4 8.
O-O e6 9. Be3 e5 10. Nd5 Nf6 11. fxe5 dxe5 12. Bg5 Be7 13. Bxf6 gxf6 14. c3 Ne6
15. Bg4 Nf8 16. Qf3 Qd6 17. Rad1 Qc6 18. Rd2 Rd8 19. Rdf2 Rd6 20. Qh3 Rg8 21.
Nxe7 Kxe7 22. Bf5 Kd8 23. Qh5 Qe8 24. Rd1 Kc7 25. Rxd6 Kxd6 26. Qd1+ Kc7 27.
Rd2 Ne6 28. Bxe6 Qxe6 29. Rf2 Rg5 30. Qf1 Rg6 31. g3 h5 32. h4 Qg4 33. Rg2 Qxe4
34. Kh2 f5 35. Re2 Qd3 36. Qf2 f4 37. gxf4 Kb6 38. Rxe5 Qd6 39. b4 Rf6 40.
bxc5+ 1-0

[Event "East Detroit (MCO/3)"]
[Site "?"]
[Date "1983.??.??"]
[Round "?"]
[White "Williams, Claude"]
[Black "Holmes, J.."]
[Result "0-1"]
[WhiteElo "1605"]
[BlackElo "1680"]
[PlyCount "52"]
[EventDate "1983.??.??"]

1. e4 Nf6 2. e5 Nd5 3. d4 d6 4. Bc4 e6 5. Nf3 Nc6 6. Nc3 Nxc3 7. bxc3 dxe5 8.
d5 exd5 9. Bxd5 Bd6 10. Ng5 Be6 11. Bxe6 fxe6 12. Nxe6 Qf6 13. Qg4 g6 14. Bh6
Rg8 15. Bg5 Qf5 16. Qc4 Kd7 17. Nc5+ Bxc5 18. O-O-O+ Bd6 19. h4 Rae8 20. Rd5
Qe6 21. Re1 Kc8 22. Be3 Ne7 23. Bxa7 Qxd5 24. Qg4+ Nf5 25. f3 Ba3+ 26. Kb1 Qb5+
0-1